| 000 | 00891nam a2200253 u 4500 | ||
|---|---|---|---|
| 005 | 20251203064004.0 | ||
| 008 | 090917s2002 mx r 000 0 spa d | ||
| 020 | _a9681666739 | ||
| 035 | _aUPN01000172329 | ||
| 049 | _aCG | ||
| 050 | 4 |
_aLB1139.5 R4.3 _bB8.3 2002 |
|
| 245 | 0 | 3 |
_aUn buen comienzo : _bguía para promover la lectura en la infancia / _ccomp. M. Susan Burns ; tr. Gertrudis Payás. |
| 250 | _a3a ed. | ||
| 260 |
_aMéxico : _bFCE, _c2002. |
||
| 300 |
_a159 p. : _bil. |
||
| 440 | 0 | _aEducación y pedagogía | |
| 534 |
_pTítulo original: _tStarting out right: a guide to promoting children´s reading success, de National Research Council |
||
| 650 | 4 |
_aLectura _xEstudio y enseñanza (Preescolar) _91526 |
|
| 650 | 4 |
_aIntereses en la lectura _94851 |
|
| 650 | 2 |
_aHábitos de lectura _96074 |
|
| 700 | 1 |
_aBurns, M. Susan, _ecomp. |
|
| 905 | _aLibro | ||
| 999 |
_c144433 _d144433 |
||